Logo BPK

Biblioteka

Politechniki Koszalińskiej

Nomenklatura węglowodanów : (Rekord nr 39286)

Szczegóły MARC
000 -ETYKIETA REKORDU
podpole kontrolne o stałej długości 01100nam a2200289 i 4500
001 - NUMER KONTROLNY REKORDU
pole kontrolne bg
020 ## - MIĘDZYNARODOWY ZNORMALIZOWANY NUMER KSIĄŻKI - ISBN
ISBN 8322919743
040 ## - ŹRÓDŁO KATALOGOWANIA
Instytucja, która utworzyła rekord BPK
041 1# - KOD JĘZYKA
Kod języka tekstu pl
Kod języka oryginału en
080 ## - UNIWERSALNA KLASYFIKACJA DZIESIĘTNA - UKD
UKD 547:001.4
920 ## - Międzynarodowy znormalizowany numer książki – ISBN
ISBN 83-229-1974-3
008 - POLE O STAŁEJ DŁUGOŚCI - DANE KONTROLNE
podpole kontrolne o stałej długości s pl f |000 0 pol
245 00 - TYTUŁ/ODPOWIEDZIALNOŚĆ
Tytuł Nomenklatura węglowodanów :
Ciąg dalszy tytułu zalecenia 1996 /
Pozostałe elementy strefy tytułu i oznaczenia odpowiedzialności tł. i red. nauk. Teresa Sokołowska i Andrzej Wiśniewski ; Polskie Towarzystwo Chemiczne. Komisja Terminologii.
246 ## - WARIANT TYTUŁU
Treść wyrażenia wprowadzającego Tyt. oryg.:
Tytuł Nomenclature of carbohydrates
260 ## - STREFA ADRESU WYDAWNICZEGO
Miejsce wydania Wrocław :
Nazwa wydawcy/dystrybutora Wydaw. Uniwersytetu Wrocławskiego,
Data publikacji, dystrybucji/powstania dokumentu 2000.
300 ## - STREFA OPISU FIZYCZNEGO
Objętość 158, [1] s. :
Inne cechy fizyczne rys., err. ;
Rozmiary 24 cm.
490 1# - STREFA SERII I DOKUMENTU WIELOCZĘŚCIOWEGO - FORMA NIE DO WYSZUKIWANIA
Tytuł i oznaczenie odpowiedzialności serii Wiadomości Chemiczne : biblioteka
500 ## - UWAGI OGÓLNE
Tekst uwagi Tyt. oryg. : "Nomenclature of carbohydrates" (recommendations 1996).
504 ## - UWAGA DOTYCZĄCA BIBLIOGRAFII
Informacje o bibliografii Bibliogr. s. 153-154.
650 #9 - HASŁO PRZEDMIOTOWE W FORMIE NAZWY OGÓLNEJ LUB JEDNOSTKOWEJ
Nazwa ogólna lub geograficzna Węglowodany
Określnik ogólny terminologia
650 #9 - HASŁO PRZEDMIOTOWE W FORMIE NAZWY OGÓLNEJ LUB JEDNOSTKOWEJ
Nazwa ogólna lub geograficzna Chemia organiczna
Określnik ogólny terminologia
700 1# - HASŁO DODATKOWE - NAZWA OSOBOWA
Nazwa osobowa SOKOŁOWSKA, Teresa.
Określenie związku między hasłem a opisywanym materiałem Red.
700 1# - HASŁO DODATKOWE - NAZWA OSOBOWA
Nazwa osobowa WIŚNIEWSKI, Andrzej.
Określenie związku między hasłem a opisywanym materiałem Red.
710 #0 - HASŁO DODATKOWE - NAZWA CIAŁA ZBIOROWEGO
Nazwa ciała zbiorowego lub jednostki geograficznej Polskie Towarzystwo Chemiczne
Nazwa jednostki podrzędnej Komisja Terminologii
830 ## - HASŁO DODATKOWE SERII LUB DOKUMENTU WIELOCZĘŚCIOWEGO - TYTUŁ UJEDNOLICONY
Tytuł ujednolicony Wiadomości Chemiczne : biblioteka
856 ## - LOKALIZACJA I DOSTĘP DO ELEKTRONICZNYCH DOKUMENTÓW ZDALNYCH
Link (URL) http://koha.tu.koszalin.pl/cgi-bin/koha/opac-detail.pl?biblionumber=39286
Tekst linku Katalog online BPK
942 ## - DODATKOWE ELEMENTY (KOHA)
Typ dokumentu Książka
Egzemplarze
Wycofany Status egzemplarza Uszkodzony Dostępność Lokalizacja stała Lokalizacja bieżąca Miejsce przechowywania Sygnatura Kod kreskowy Dział Typ dokumentu
      Tylko na miejscu Biblioteka Politechniki Koszalińskiej Biblioteka Politechniki Koszalińskiej Czytelnia BG 58416 01559743 547 Chemia organiczna Książka
© 2023 Biblioteka Politechniki Koszalińskiej :: KOHA